[Event "Mittelfranken-chTB2b 1718"]
[Site "Mittelfranken"]
[Date "2018.05.06"]
[Round "9.6"]
[White "Dereser, Marc"]
[Black "Cipra, Lothar"]
[Result "1/2-1/2"]
[WhiteElo "1714"]
[BlackElo "1882"]
[PlyCount "37"]
[EventDate "2017.10.08"]
[EventType "team-tourn"]
[EventRounds "9"]
[EventCountry "GER"]
[SourceTitle "EXT 2022"]
[Source "ChessBase"]
[SourceDate "2021.10.06"]
[SourceVersion "1"]
[SourceVersionDate "2021.10.06"]
[SourceQuality "1"]
[WhiteTeam "Nuernberg SK 1911 II"]
[BlackTeam "Schwanstetten"]
[WhiteTeamCountry "GER"]
[BlackTeamCountry "GER"]

1. d4 Nf6 2. Nf3 e6 3. g3 d5 4. Bg2 Be7 5. 0-0 0-0 6. Nbd2 Nbd7 7. c4 c6 8. Qc2 Re8 9. e4 dxe4 10. Nxe4 Nxe4 11. Qxe4 Nf6 12. Qc2 Bd6 13. Re1 h6 14. Bd2 Nd7 15. Bc3 c5 16. Ne5 cxd4 17. Bxd4 Qc7 18. Nxd7 Bxd7 19. c5 1/2-1/2

[Event "Zirndorf Cup"]
[Site "Zirndorf"]
[Date "2017.09.02"]
[Round "6"]
[White "Cipra, Lothar"]
[Black "Luessmann, Thomas"]
[Result "0-1"]
[WhiteElo "1927"]
[BlackElo "1984"]
[PlyCount "80"]
[EventDate "2017.08.30"]
[EventType "swiss"]
[EventRounds "7"]
[EventCountry "GER"]
[SourceTitle "CBM 180 Extra"]
[Source "ChessBase"]
[SourceDate "2017.10.06"]
[SourceVersion "1"]
[SourceVersionDate "2017.10.06"]
[SourceQuality "1"]

1. d4 d5 2. c4 c6 3. Nc3 Nf6 4. Nf3 e6 5. Bg5 h6 6. Bh4 dxc4 7. e4 g5 8. Bg3 b5 9. a3 Bb7 10. Be2 a5 11. e5 Nd5 12. Ne4 Nd7 13. Nd6+ Bxd6 14. exd6 Qb6 15. Ne5 Nxe5 16. dxe5 Kd7 17. Bh5 Raf8 18. Qd2 Rhg8 19. 0-0-0 b4 20. Qd4 Qb5 21. Be2 Nb6 22. b3 c5 23. bxc4 Qa4 24. Qe3 Bxg2 25. Rhg1 Bb7 26. Rd2 Rc8 27. axb4 Qa1+ 28. Kc2 Qa2+ 29. Kc1 Qa1+ 30. Kc2 Qxg1 31. bxc5 Na4 32. c6+ Rxc6 33. Qa7 Rb6 34. Rd1 Qg2 35. Qxa5 Ra8 36. Qe1 Qe4+ 37. Bd3 Qd4 38. Rb1 Rxb1 39. Qxb1 Qc3+ 40. Kd1 Bf3+ 0-1

[Event "Zirndorf Cup"]
[Site "Zirndorf"]
[Date "2017.09.02"]
[Round "5"]
[White "Gupta, Monik"]
[Black "Cipra, Lothar"]
[Result "0-1"]
[WhiteElo "1526"]
[BlackElo "1927"]
[PlyCount "66"]
[EventDate "2017.08.30"]
[EventType "swiss"]
[EventRounds "7"]
[EventCountry "GER"]
[SourceTitle "CBM 180 Extra"]
[Source "ChessBase"]
[SourceDate "2017.10.06"]
[SourceVersion "1"]
[SourceVersionDate "2017.10.06"]
[SourceQuality "1"]

1. e4 c5 2. Nf3 e6 3. Bd3 Nc6 4. c3 d6 5. Bc2 Nf6 6. d4 cxd4 7. cxd4 Bd7 8. Nc3 a6 9. Bf4 Qb6 10. Qd2 Nb4 11. Bb3 d5 12. e5 Ne4 13. Nxe4 dxe4 14. Ng5 Nxa2 15. Nxe4 Qxb3 16. Nd6+ Bxd6 17. exd6 Nb4 18. 0-0 Nd5 19. Be5 f6 20. Bg3 Qb4 21. Qd1 0-0 22. h4 Rac8 23. Qg4 f5 24. Qd1 f4 25. Bh2 Qxd6 26. Qb3 Qb4 27. Qd3 Bb5 28. Qe4 Bxf1 29. Qxe6+ Kh8 30. Qxd5 Bc4 31. Qe4 Rce8 32. Qb1 Re2 33. g4 Qxb2 0-1

[Event "Mittelfranken-chT2b 1617"]
[Site "Mittelfranken"]
[Date "2017.01.22"]
[Round "5.3"]
[White "Balle, Alfred"]
[Black "Cipra, Lothar"]
[Result "1-0"]
[WhiteElo "1834"]
[BlackElo "1869"]
[PlyCount "133"]
[EventDate "2016.10.23"]
[EventType "team-tourn"]
[EventRounds "9"]
[EventCountry "GER"]
[SourceTitle "EXT 2022"]
[Source "ChessBase"]
[SourceDate "2021.10.06"]
[SourceVersion "1"]
[SourceVersionDate "2021.10.06"]
[SourceQuality "1"]
[WhiteTeam "Forchheim SC III"]
[BlackTeam "Schwanstetten"]
[WhiteTeamCountry "GER"]
[BlackTeamCountry "GER"]

1. e4 c5 2. Nc3 d6 3. g3 Nf6 4. Bg2 e6 5. d3 Be7 6. f4 Nc6 7. Nf3 a6 8. 0-0 Qc7 9. Ne2 b5 10. h3 Bb7 11. Be3 e5 12. c3 b4 13. Qc2 Rc8 14. Nd2 0-0 15. Nc4 Nd7 16. Bd2 Nb6 17. Ne3 a5 18. Rac1 Qd7 19. Kh2 Rcd8 20. Rce1 Bf6 21. f5 Bg5 22. h4 Be7 23. Qb3 Ba6 24. c4 Nd4 25. Nxd4 exd4 26. Ng4 f6 27. Nf2 Qc7 28. Nh3 Bc8 29. Nf4 Bd7 30. Qd1 Rde8 31. h5 Rf7 32. Bf3 Bf8 33. h6 Rfe7 34. Nh5 Bc6 35. hxg7 Bxg7 36. Nf4 Bd7 37. Bh5 Rf8 38. Qg4 Qc8 39. Kg2 Be8 40. Rh1 Nd7 41. Nd5 Qd8 42. Nxe7+ Qxe7 43. Bxe8 Rxe8 44. Bf4 Rd8 45. Qh5 Nf8 46. g4 Rd7 47. Rh3 d5 48. cxd5 Rxd5 49. Rc1 Rd8 50. g5 Rc8 51. gxf6 Bxf6 52. Rg3+ Kh8 53. Bg5 Nd7 54. b3 Ne5 55. Bxf6+ Qxf6 56. Rh1 Qf7 57. f6 Qxh5 58. Rxh5 Nd7 59. Rf5 Nf8 60. Rd5 Ne6 61. Kf3 a4 62. Rd6 Nf8 63. e5 axb3 64. axb3 Ng6 65. Ke4 Re8 66. e6 Nf8 67. f7 1-0

[Event "Mittelfranken-chT2b 1617"]
[Site "Mittelfranken"]
[Date "2016.12.11"]
[Round "4.3"]
[White "Cipra, Lothar"]
[Black "Corral, Carlos"]
[Result "1/2-1/2"]
[WhiteElo "1869"]
[BlackElo "1908"]
[PlyCount "34"]
[EventDate "2016.10.23"]
[EventType "team-tourn"]
[EventRounds "9"]
[EventCountry "GER"]
[SourceTitle "EXT 2022"]
[Source "ChessBase"]
[SourceDate "2021.10.06"]
[SourceVersion "1"]
[SourceVersionDate "2021.10.06"]
[SourceQuality "1"]
[WhiteTeam "Schwanstetten"]
[BlackTeam "Nuernberg Noris Tarrasch IV"]
[WhiteTeamCountry "GER"]
[BlackTeamCountry "GER"]

1. d4 c5 2. dxc5 e6 3. Nc3 Bxc5 4. Ne4 d5 5. Nxc5 Qa5+ 6. c3 Qxc5 7. Nf3 Nc6 8. Nd4 e5 9. Nb3 Qd6 10. e4 Nf6 11. exd5 Qxd5 12. Qxd5 Nxd5 13. Bc4 Nc7 14. 0-0 0-0 15. Be3 b6 16. Rad1 Be6 17. Nd2 Rfd8 1/2-1/2

[Event "Mittelfranken-chT2b 1617"]
[Site "Mittelfranken"]
[Date "2016.11.27"]
[Round "3.3"]
[White "Cipra, Lothar"]
[Black "Daumin, Jan"]
[Result "1-0"]
[WhiteElo "1869"]
[BlackElo "1694"]
[PlyCount "145"]
[EventDate "2016.10.23"]
[EventType "team-tourn"]
[EventRounds "9"]
[EventCountry "GER"]
[SourceTitle "EXT 2022"]
[Source "ChessBase"]
[SourceDate "2021.10.06"]
[SourceVersion "1"]
[SourceVersionDate "2021.10.06"]
[SourceQuality "1"]
[WhiteTeam "Schwanstetten"]
[BlackTeam "Lauf SV II"]
[WhiteTeamCountry "GER"]
[BlackTeamCountry "GER"]

1. d4 Nf6 2. c4 e6 3. Nc3 Bb4 4. Bg5 h6 5. Bh4 c5 6. Bxf6 Qxf6 7. e3 Nc6 8. Nf3 0-0 9. a3 Ba5 10. Be2 d6 11. 0-0 Bxc3 12. bxc3 b6 13. Nd2 Bb7 14. Ne4 Qe7 15. Ng3 f5 16. Qd2 Rad8 17. f4 Na5 18. Qa2 e5 19. fxe5 dxe5 20. Nxf5 Qg5 21. e4 Bxe4 22. Ng3 Qe3+ 23. Kh1 exd4 24. Nxe4 Qxe4 25. Bf3 Qe3 26. cxd4 Qxd4 27. Bd5+ Kh8 28. Rad1 Rf4 29. Qe2 Rdf8 30. Rf3 Rxf3 31. gxf3 Qf4 32. Rg1 Nb3 33. Qe7 Qf6 34. Qxa7 Nd2 35. Qb7 Nxf3 36. Rf1 Qc3 37. Bxf3 Qxc4 38. Rg1 Qc3 39. Be4 Qe5 40. Qc6 Qf6 41. Qd7 Qd4 42. Qxd4 cxd4 43. Rd1 Rd8 44. Kg2 Kg8 45. Kf2 Kf7 46. Ke2 Ke6 47. Kd3 Rc8 48. a4 Ke5 49. Bg6 Rc3+ 50. Kd2 Ra3 51. Be8 Ra2+ 52. Kd3 Rxh2 53. Kc4 Rc2+ 54. Kb5 Rb2+ 55. Kc6 g5 56. Rd3 Rb4 57. Kb7 g4 58. Bb5 Kf4 59. Kxb6 g3 60. Kc5 Rb2 61. Rxd4+ Kf3 62. a5 g2 63. Bc6+ Kg3 64. Bxg2 Rxg2 65. Ra4 h5 66. a6 Kh3 67. a7 Rg5+ 68. Kd6 Rg6+ 69. Ke5 Rg5+ 70. Kf6 Rg8 71. a8Q Rxa8 72. Rxa8 h4 73. Kg5 1-0

[Event "Mittelfranken-chT2b 1617"]
[Site "Mittelfranken"]
[Date "2016.10.23"]
[Round "1.3"]
[White "Cipra, Lothar"]
[Black "Reinholz, Benjamin"]
[Result "1/2-1/2"]
[WhiteElo "1869"]
[BlackElo "1922"]
[PlyCount "63"]
[EventDate "2016.10.23"]
[EventType "team-tourn"]
[EventRounds "9"]
[EventCountry "GER"]
[SourceTitle "EXT 2022"]
[Source "ChessBase"]
[SourceDate "2021.10.06"]
[SourceVersion "1"]
[SourceVersionDate "2021.10.06"]
[SourceQuality "1"]
[WhiteTeam "Schwanstetten"]
[BlackTeam "Erlangen SC III"]
[WhiteTeamCountry "GER"]
[BlackTeamCountry "GER"]

1. d4 f5 2. e4 fxe4 3. f3 exf3 4. Nxf3 Nf6 5. Bd3 g6 6. 0-0 Bg7 7. Bg5 0-0 8. Qd2 d6 9. Bh6 Bg4 10. Bxg7 Kxg7 11. Qg5 Bxf3 12. Rxf3 e6 13. Nd2 Nc6 14. c3 Nd5 15. Qg4 Rxf3 16. Nxf3 Qf6 17. Re1 Re8 18. Re4 Re7 19. h4 e5 20. h5 Qf5 21. hxg6 hxg6 22. Nh4 Qe6 23. Bc4 Qxg4 24. Rxg4 Ne3 25. Rxg6+ Kh7 26. Bg8+ Kh8 27. Rg3 Rg7 28. Rxe3 Kxg8 29. dxe5 Nxe5 30. Nf5 Rg5 31. Nd4 Rg7 32. Ne6 1/2-1/2

[Event "Mittelfranken-chTB2b 1415"]
[Site "Mittelfranken"]
[Date "2015.04.19"]
[Round "9.3"]
[White "Kramer, Manuel"]
[Black "Cipra, Lothar"]
[Result "1-0"]
[WhiteElo "1851"]
[BlackElo "1923"]
[PlyCount "75"]
[EventDate "2014.09.28"]
[EventType "team-tourn"]
[EventRounds "9"]
[EventCountry "GER"]
[SourceTitle "EXT 2020"]
[Source "ChessBase"]
[SourceDate "2019.10.17"]
[SourceVersion "1"]
[SourceVersionDate "2019.10.17"]
[SourceQuality "1"]
[WhiteTeam "Bubenreuth/Moehrendorf"]
[BlackTeam "Schwanstetten"]
[WhiteTeamCountry "GER"]
[BlackTeamCountry "GER"]

1. d4 Nf6 2. Nf3 d5 3. c4 e6 4. Nc3 Be7 5. e3 0-0 6. Bd3 b6 7. cxd5 exd5 8. 0-0 Bg4 9. h3 Be6 10. Ne5 c5 11. Bd2 Nfd7 12. Nf3 f5 13. Rc1 Qe8 14. Nb5 Qd8 15. Qa4 Nf6 16. Ne5 Ne4 17. Be1 f4 18. exf4 Rxf4 19. f3 Nd6 20. Bg3 Rf8 21. Rfe1 Bf5 22. dxc5 bxc5 23. Nc3 Bxd3 24. Nxd3 Nf5 25. Bf2 d4 26. Ne4 Nd7 27. Nexc5 Nxc5 28. Nxc5 Bh4 29. Bxh4 Qxh4 30. Re4 Qg5 31. Qc4+ Rf7 32. Ne6 Qf6 33. Nxd4 Nd6 34. Qd5 Rd8 35. Re6 Qf4 36. Rce1 g6 37. Re7 Nb7 38. Re8+ 1-0

[Event "Mittelfranken-chTB2b 1415"]
[Site "Mittelfranken"]
[Date "2015.01.25"]
[Round "5.2"]
[White "Pokorny, Klaus"]
[Black "Cipra, Lothar"]
[Result "1/2-1/2"]
[WhiteElo "1690"]
[BlackElo "1923"]
[PlyCount "103"]
[EventDate "2014.09.28"]
[EventType "team-tourn"]
[EventRounds "9"]
[EventCountry "GER"]
[SourceTitle "EXT 2020"]
[Source "ChessBase"]
[SourceDate "2019.10.17"]
[SourceVersion "1"]
[SourceVersionDate "2019.10.17"]
[SourceQuality "1"]
[WhiteTeam "Kirchehren/Eberm"]
[BlackTeam "Schwanstetten"]
[WhiteTeamCountry "GER"]
[BlackTeamCountry "GER"]

1. c4 e5 2. g3 Nf6 3. Bg2 Nc6 4. Nc3 Bc5 5. Nf3 0-0 6. 0-0 d6 7. d3 h6 8. e3 Bg4 9. a3 a5 10. b3 d5 11. cxd5 Nxd5 12. Bb2 Nxc3 13. Bxc3 Qe7 14. Bb2 Rad8 15. Qc2 Bf5 16. Rfc1 Bb6 17. Ne1 Rd6 18. Qc3 Re8 19. Kh1 Qd7 20. Rd1 Bh3 21. b4 Bxg2+ 22. Kxg2 Rg6 23. Nf3 axb4 24. axb4 Qd5 25. e4 Qd6 26. Nh4 Rf6 27. f4 Bd4 28. Qb3 Qxb4 29. Qxb4 Nxb4 30. Bxd4 exd4 31. Ra4 c5 32. Nf5 Kh7 33. Nxd4 Rd6 34. Nf5 Rxd3 35. Rxd3 Nxd3 36. Ra7 g6 37. Nd6 Re7 38. Kf3 Rd7 39. e5 f6 40. Rxb7 Rxb7 41. Nxb7 fxe5 42. fxe5 Nxe5+ 43. Ke4 Ng4 44. h4 Nf2+ 45. Kd5 Nh1 46. g4 Nf2 47. g5 hxg5 48. hxg5 Nh3 49. Nxc5 Nxg5 50. Nd7 Kg7 51. Ne5 Nh3 52. Nxg6 1/2-1/2

[Event "Mittelfranken-chTB2b 1415"]
[Site "Mittelfranken"]
[Date "2014.12.14"]
[Round "4.3"]
[White "Gloth, Gerrit"]
[Black "Cipra, Lothar"]
[Result "0-1"]
[WhiteElo "1860"]
[BlackElo "1923"]
[PlyCount "140"]
[EventDate "2014.09.28"]
[EventType "team-tourn"]
[EventRounds "9"]
[EventCountry "GER"]
[SourceTitle "EXT 2020"]
[Source "ChessBase"]
[SourceDate "2019.10.17"]
[SourceVersion "1"]
[SourceVersionDate "2019.10.17"]
[SourceQuality "1"]
[WhiteTeam "Erlangen SC III"]
[BlackTeam "Schwanstetten"]
[WhiteTeamCountry "GER"]
[BlackTeamCountry "GER"]

1. e4 c5 2. Nc3 e6 3. g3 d5 4. exd5 exd5 5. Bg2 Nf6 6. d3 Be6 7. Nge2 Nc6 8. 0-0 Be7 9. Re1 d4 10. Ne4 0-0 11. Nxf6+ Bxf6 12. Nf4 Bf5 13. Nd5 Be5 14. Bf4 Bxf4 15. Nxf4 Qd7 16. h3 Rae8 17. Qf3 Nd8 18. g4 Be6 19. Nxe6 Rxe6 20. Rxe6 Qxe6 21. Qe4 b6 22. f4 Qd7 23. Qd5 Qb5 24. Qb3 Qe8 25. Rf1 Qe3+ 26. Kh2 Re8 27. Qd5 Ne6 28. Rf3 Qd2 29. Qe4 Rf8 30. Kg3 Qxc2 31. Rf2 Qa4 32. h4 Qd7 33. f5 Qd6+ 34. Kh3 Nc7 35. Re2 h6 36. Qe7 Qf4 37. Re4 Nd5 38. Rxf4 Nxe7 39. Re4 Nd5 40. Re5 Nf4+ 41. Kg3 Nxd3 42. Re2 Nc1 43. Re1 Nd3 44. Re2 Rd8 45. b3 f6 46. g5 hxg5 47. hxg5 Kf8 48. gxf6 gxf6 49. Re6 Kf7 50. Bf3 Rg8+ 51. Kh4 Rh8+ 52. Kg3 Rg8+ 53. Kh4 Rg5 54. Bg4 Nf4 55. Rc6 Nd5 56. Rd6 Ne3 57. Bh5+ Rxh5+ 58. Kxh5 Nxf5 59. Rd8 Ke7 60. Rg8 Ke6 61. Rg2 Kd5 62. Rf2 Ke4 63. Kg6 Nh4+ 64. Kxf6 Nf3 65. Re2+ Kd3 66. Rg2 Ke3 67. Rg8 d3 68. Re8+ Kd4 69. Kf5 d2 70. Kf4 Kc3 0-1

[Event "Mittelfranken-chTB2b 1415"]
[Site "Mittelfranken"]
[Date "2014.10.12"]
[Round "2.3"]
[White "Cipra, Lothar"]
[Black "Mehwald, Thomas"]
[Result "1/2-1/2"]
[WhiteElo "1923"]
[BlackElo "1954"]
[PlyCount "112"]
[EventDate "2014.09.28"]
[EventType "team-tourn"]
[EventRounds "9"]
[EventCountry "GER"]
[SourceTitle "EXT 2020"]
[Source "ChessBase"]
[SourceDate "2019.10.17"]
[SourceVersion "1"]
[SourceVersionDate "2019.10.17"]
[SourceQuality "1"]
[WhiteTeam "Schwanstetten"]
[BlackTeam "Muehlhof/Schwabach"]
[WhiteTeamCountry "GER"]
[BlackTeamCountry "GER"]

1. d4 Nf6 2. c4 c5 3. d5 b5 4. cxb5 a6 5. bxa6 Bxa6 6. Nc3 d6 7. e4 Bxf1 8. Kxf1 g6 9. Nf3 Nbd7 10. g3 Bg7 11. Kg2 0-0 12. Re1 Ng4 13. Qc2 Qa5 14. Bd2 Qa6 15. Nd1 Nge5 16. Nxe5 Nxe5 17. Bc3 Qc4 18. Ne3 Qd3 19. Red1 Qxc2 20. Nxc2 Nc4 21. Bxg7 Kxg7 22. b3 Na3 23. Nxa3 Rxa3 24. Rd2 Rb8 25. Rc1 Rba8 26. Rcc2 R8a6 27. Re2 f6 28. f4 Kf7 29. g4 h6 30. Rf2 g5 31. e5 gxf4 32. e6+ Kg6 33. Kf3 R6a4 34. h4 Rd4 35. Rfd2 Rxd2 36. Rxd2 c4 37. Rb2 cxb3 38. axb3 h5 39. gxh5+ Kxh5 40. Kxf4 Ra5 41. Rd2 Rb5 42. Rd3 Kxh4 43. Kf5 Rb8 44. Kg6 Kg4 45. Rd4+ Kf3 46. b4 Rb7 47. Rh4 Ke3 48. Rc4 Kd3 49. Rc8 Kd4 50. Re8 Kxd5 51. Kf7 f5 52. Rxe7 Rxb4 53. Ra7 f4 54. Ra5+ Ke4 55. e7 Rb8 56. Ra4+ Ke3 1/2-1/2

[Event "Mittelfranken-chTB1 1314"]
[Site "Mittelfranken"]
[Date "2013.12.01"]
[Round "3.3"]
[White "Roeber, Juergen"]
[Black "Cipra, Lothar"]
[Result "1-0"]
[WhiteElo "1991"]
[BlackElo "1923"]
[PlyCount "121"]
[EventDate "2013.10.20"]
[EventType "team-tourn"]
[EventRounds "9"]
[EventCountry "GER"]
[SourceTitle "EXT 2020"]
[Source "ChessBase"]
[SourceDate "2019.10.17"]
[SourceVersion "1"]
[SourceVersionDate "2019.10.17"]
[SourceQuality "1"]
[WhiteTeam "Postbauer Heng"]
[BlackTeam "Schwanstetten"]
[WhiteTeamCountry "GER"]
[BlackTeamCountry "GER"]

1. e4 c5 2. c3 d5 3. exd5 Qxd5 4. d4 Nf6 5. Nf3 Bg4 6. Be2 e6 7. h3 Bh5 8. 0-0 Nc6 9. Be3 cxd4 10. cxd4 Be7 11. Nc3 Qd8 12. Qb3 Rb8 13. Rfd1 0-0 14. d5 Na5 15. Qb5 a6 16. Qb6 Bxf3 17. Bxf3 Nc4 18. Qd4 Nxe3 19. Qxe3 exd5 20. Nxd5 Bd6 21. Qg5 Nxd5 22. Qxd5 Be7 23. Qb3 Qa5 24. Rd7 Bf6 25. Rxb7 Qe5 26. Rb1 a5 27. Bd5 Rxb7 28. Qxb7 Be7 29. Kf1 Bd6 30. g3 Qd4 31. Qb3 Bc5 32. Qf3 h6 33. b3 Kh7 34. Rd1 Qb4 35. Qe4+ Qxe4 36. Bxe4+ g6 37. Rd7 Kg7 38. Bd5 Kf6 39. f4 Bb4 40. Kg2 Be7 41. Ra7 Bb4 42. Bc4 Bc3 43. Kf3 Bb4 44. a3 Bxa3 45. Rxa5 Be7 46. Ra6+ Kg7 47. Ra7 Kf6 48. g4 g5 49. fxg5+ hxg5 50. h4 Bd8 51. h5 Be7 52. Ra6+ Ke5 53. Ra7 Bc5 54. Rxf7 Rxf7+ 55. Bxf7 Kd4 56. h6 Be7 57. h7 Bf6 58. b4 Ke5 59. b5 Kd6 60. Ke4 Ke7 61. b6 1-0

[Event "Nuremberg Zabo op 15th"]
[Site "Nuremberg"]
[Date "2013.09.20"]
[Round "1"]
[White "Albayrak, Aylin"]
[Black "Cipra, Lothar"]
[Result "0-1"]
[WhiteElo "1478"]
[BlackElo "1957"]
[PlyCount "96"]
[EventDate "2013.09.20"]
[EventType "swiss"]
[EventRounds "5"]
[EventCountry "GER"]
[SourceTitle "EXT 2016"]
[Source "ChessBase"]
[SourceDate "2015.10.08"]
[SourceVersion "1"]
[SourceVersionDate "2015.10.08"]
[SourceQuality "1"]

1. d4 Nf6 2. c4 e6 3. Nc3 Bb4 4. Bg5 0-0 5. Nf3 d5 6. e3 Nbd7 7. Bd3 Qe8 8. 0-0 Bxc3 9. bxc3 dxc4 10. Bxc4 Ne4 11. Qd3 Ndf6 12. Bf4 Nd6 13. Bb3 h6 14. Bc2 Qe7 15. Ne5 Rd8 16. Ng4 Nde4 17. f3 Nxg4 18. fxg4 f5 19. gxf5 exf5 20. Be5 Be6 21. Rf4 c5 22. c4 Rf8 23. Raf1 Rac8 24. d5 Bd7 25. Ba1 Rce8 26. Re1 Qd6 27. Rf3 Qg6 28. Qa3 Qg5 29. Bxe4 Rxe4 30. Qxc5 Rf7 31. Bd4 f4 32. Ref1 Bg4 33. R3f2 f3 34. g3 h5 35. Qxa7 h4 36. Qb8+ Kh7 37. a4 hxg3 38. Qxg3 Qh6 39. c5 Bh3 40. Rc1 Rg4 41. c6 Rxg3+ 42. hxg3 Bg2 43. Rxg2 fxg2 44. Kxg2 Qd6 45. e4 bxc6 46. Rxc6 Qa3 47. e5 Qf3+ 48. Kh2 Rf5 0-1